Gaming Quiz

Random Gaming or Clickable Quiz
Score 0/39 Timer 08:00
0 Plays Today
% Correct
Bomb King
92%
Maeve
91.2%
Fernando
90.6%
Drogoz
89.9%
Skye
89.3%
Dredge
89.2%
Lex
88.3%
Ruckus
87.2%
Androxus
86.9%
Moji
86.3%
Strix
86.2%
Jenos
86%
Seris
85.5%
Willo
84.8%
Makoa
84.6%
Torvald
83.2%
Vivian
82.9%
Evie
82.4%
Tyra
81.7%
Ash
81.5%
% Correct
Viktor
81.4%
Mal'Damba
80.9%
Lian
80.2%
Inara
79.7%
Cassie
79%
Furia
78.9%
Buck
77.5%
Sha Lin
77.2%
Khan
76.4%
Terminus
75.8%
Barik
75.5%
Kinessa
75.1%
Grohk
74.2%
Koga
74%
Pip
73.9%
Ying
71.2%
Grover
70.6%
Talus
60.3%
Zhin
56.4%
Remove Ads.
Support Sporcle.
Get the best of Sporcle when you Go Orange. This ad-free experience offers more features, more stats, and more fun while also helping to support Sporcle. Thank you for becoming a member.

You're not logged in!

Compare scores with friends on all Sporcle quizzes.
OR
Log In

Show Comments

Extras

Top Quizzes Today


Score Distribution

Your Account Isn't Verified!

In order to create a playlist on Sporcle, you need to verify the email address you used during registration. Go to your Sporcle Settings to finish the process.

Report this User

Report this user for behavior that violates our Community Guidelines.

Details: